|
|
|
|
| LEADER |
01286nam a2200265 4500 |
| 001 |
c000181608 |
| 003 |
CARM |
| 005 |
20041221192430.0 |
| 008 |
760520s1963 sw 000 0 eng c |
| 010 |
|
|
|a a 68000133
|
| 019 |
1 |
|
|a 9642792
|z 26467136
|5 LACONCORD2021
|
| 035 |
|
|
|a (OCoLC)2184272
|5 LACONCORD2021
|
| 040 |
|
|
|a Chicago. Univ. Libr.
|b eng
|c ScCC
|d MH
|d CStRLIN
|d VU
|
| 100 |
1 |
|
|a Stensiö, Erik Andersson,
|d 1891-
|
| 245 |
1 |
0 |
|a Anatomical studies on the arthrodiran head.
|
| 260 |
|
|
|a Stockholm,
|b Almqvist & Wiksell,
|c 1963-
|
| 300 |
|
|
|a v.
|b illus. (part col.) plates.
|c 30 cm.
|
| 440 |
|
0 |
|a Kungl. Svenska vetenskapsakademiens handlingar.
|n 4 ser. ;
|v bd. 9, nr. 2.
|
| 504 |
|
|
|a Bibliography: v. 1, p. 410-419.
|
| 505 |
1 |
|
|a pt. 1. Preface, geological and geographical distribution, the organization of the Arthrodires, the anatomy of the head in the Dolichothoraci, Coccosteomorphi and Pachyosteomorphi. Taxonomic Appendix.
|
| 650 |
|
0 |
|a Arthrodira.
|
| 810 |
2 |
|
|a Kungl. Svenska vetenskapsakademien.
|t Handlingar, 4. ser., bd. 9, nr. 2.
|
| 852 |
8 |
|
|b CARM
|h A1:AR03D0
|i E01672
|p 0243538
|f BK
|
| 999 |
f |
f |
|i 9a5e10e1-fa59-5a80-bb5b-1ab4bf2edd92
|s 94c0848d-ae6a-5432-aece-17def030bdf1
|
| 952 |
f |
f |
|p Can circulate
|a CAVAL
|b CAVAL
|c CAVAL
|d CARM 1 Store
|e E01672
|f A1:AR03D0
|h Other scheme
|i book
|j pt.1
|m 0243538
|